000 00478nam a2200181Ia 4500
005 20250415113045.0
008 231217s9999 xx 000 0 und d
020 _a9788178811161
082 _a650 SAN;1 R
100 _aSangubotla, Latha ed.
245 0 _aBusiness continuity planning : concepts and cases
250 _a1st ed.
260 _c2003
_bICFAI Press
_aHyderabad
300 _aviii, 212
500 _aContent page available
650 _aICFAI
942 _cAA
999 _c181534
_d181534